| 000 | 01274nam a2200325 i 4500 | ||
|---|---|---|---|
| 001 | 70322 | ||
| 003 | Mx-PuUPA | ||
| 005 | 20230703122416.0 | ||
| 008 | 230628s2021 yo a|||fr|||| 00| 0 eng d | ||
| 020 |
_a9781484265963 _qrústica |
||
| 024 | 7 |
_2doi _a10.1007/978-1-48426597-0 |
|
| 040 |
_aMx-PuUPA _bspa _cMx-PuUPA _dMx-PuUPA _erda |
||
| 041 | 0 | _aeng | |
| 100 | 1 |
_aKumar, Abhishek, _914399 _eautor |
|
| 245 | 1 | 0 |
_aImmersive 3D Design Visualization : _bwith Autodesk Maya and Unreal Engine 4 / _cAbhishek Kumar |
| 264 | 1 |
_aVaranasi, Uttar Pradesh, India : _bAbhishek Kumar, _c©2021 |
|
| 300 |
_axiii, 301 páginas : _bilustraciones ; _c26 cm |
||
| 336 |
_2rdacontent _atexto _btxt |
||
| 337 |
_2rdamedia _asin medio _bn |
||
| 338 |
_2rdacarrier _avolumen _bnc |
||
| 650 | 7 |
_2armarc _aAnimación por computadora |
|
| 650 | 7 |
_2armarc _aGráficos por computadora interactivos |
|
| 650 | 7 |
_2armarc _aJuegos de computadora _xProgramación |
|
| 650 | 7 |
_2armarc _aSistemas de visualización tridimensionales |
|
| 650 | 7 |
_2armarc _aMaya (archivo de computadora) |
|
| 942 |
_2ddc _cLI _h006.693 _iK9636 |
||
| 999 |
_c70322 _d70322 |
||